Quiz Euro 2000-2024 - Statistiques

Statistiques générales
  • Ce quiz a été pris 112 fois
  • Le résultat moyen est 7 sur 20
Statistiques - réponses
Hint Réponse % Correct
Equipe vainqueur de l'Euro 2000 France
98%
Equipe qui élimine la France lors de l'Euro 2012 sur le score de 2-0 Espagne
72%
Pays où s'est déroulé l'Euro 2004. Portugal
68%
Joueur élu meilleur joueur du tournoi à l'Euro 2000 Zinedine Zidane
68%
Meilleur joueur de l'Euro 2008 Xavi
66%
Unique buteur de la France lors de l'Euro 2008 Thierry Henry
56%
Combien de buts Cristiano Ronaldo a-t-il inscrit tout Euro confondu faisant de lui le meilleur buteur de l'histoire de la compétition ? 14
51%
Score du premier match de l'Euro 2020 entre l'Italie et la Turquie. 3-0
34%
Équipe qui élimine l'Angleterre en 1/8 de finale de l'Euro 2016 (2-1) Islande
34%
Seul équipe à avoir battu la Grèce lors de l'Euro 2004 sur le score de 2-1 Russie
20%
Buteur francais lors du match France-Angleterre (1-1) lors des phases de poules de l'Euro 2012 Samir Nasri
18%
Entraineur de l'Italie lors de l'Euro 2016 Antonio Conte
17%
Entraineur de l'Espagne à l'Euro 2012 Vicente Del Bosque
14%
Pays organisateurs de l'Euro 2008 Autriche Suisse
13%
Joueur ayant inscrit un triple lors du 1/4 de finale entre les Pays-Bas et la RF de Yougoslavie lors de l'Euro 2000 (6-1) Patrick Kluivert
10%
Meilleur buteur de l'Euro 2008 avec 4 buts. David Villa
9%
Seul joueur portugais qui rate son tir au but lors de la victoire du Portugal en 1/4 de finale de l'Euro 2004 face à l'Angleterre (2-2 et tab 6-5) Rui Costa
9%
Homme du match de la finale de l'Euro 2020 Italie-Angleterre Leonardo Bonucci
5%
Buteur et passeur décisif lors de la victoire de l'Italie en 1/4 de finale de l'Euro 2020 face à la Belgique (2-1) Nicolo Barella
3%
Meilleur passeur de l'Euro 2016 à égalité avec Aaron Ramsey (4) Eden Hazard
0%
Aucun quiz correspondant
Distribution des résultats
% des personnes avec chaque résultat
Percentile par nombre de réponses
Votre historique - résultats
Vous n’avez pas pris ce quiz